Supernatural (Dean) Trivia Quiz - Statistics

General Stats
  • This quiz has been taken 434 times
  • The average score is 3 of 9
Answer Stats
Hint Answer % Correct
Which angel did Dean sleep with? Anna
74%
Which member of the "Scooby-Doo" gang did Dean always like? Daphne
74%
What does Dean have a phobia of? Flying
68%
What is Dean's favorite dessert? Apple Pie
54%
In what episode does Dean get abucted? Clap Your Hands If You Believe
10%
"Last time you zapped me someplace, I didn't poop for a week! We're driving." What episode is this quote from? Free to be You and Me
9%
What's the greatest love of Dean's life? The Impala
8%
In which season 5 episode does Dean lock himself in a closet? Dead Men Don't Wear Plaid
3%
Dean's amulet was a gift from Sam. When did he get it? Christmas Day, 1991
1%
No matching quizzes found
Score Distribution
Percent of People with Each Score
Percentile by Number Answered
Your Score History
You have not taken this quiz